Безопасность (Запись № 2509018)
[ простой вид ]
| 000 -МАРКЕР | |
|---|---|
| контрольное поле | 02210nas1a22003251i 4500 |
| 001 - ИДЕНТИФИКАТОР ЗАПИСИ | |
| контрольное поле | RU\NLR\INFOCOMM16\1000490241 |
| 005 - ИДЕНТИФИКАТОР ВЕРСИИ | |
| контрольное поле | 20260407173648.0 |
| 035 ## - ДРУГИЕ СИСТЕМНЫЕ НОМЕРА | |
| Идентификатор записи | (NLR Aleph) 002490985 |
| 100 ## - ДАННЫЕ ОБЩЕЙ ОБРАБОТКИ | |
| Данные общей обработки | 20031209a19949999|||y0rusy50 ca |
| 101 0# - ЯЗЫК РЕСУРСА | |
| Язык текста, звукозаписи и т.д. | русский |
| 102 ## - СТРАНА ПУБЛИКАЦИИ ИЛИ ПРОИЗВОДСТВА | |
| Страна публикации | Российская Федерация |
| 110 ## - ПОЛЕ КОДИРОВАННЫХ ДАННЫХ: ПРОДОЛЖАЮЩИЕСЯ РЕСУРСЫ | |
| Кодированные данные продолжающегося ресурса | ayu||||0|y0 |
| 200 1# - ЗАГЛАВИЕ И СВЕДЕНИЯ ОБ ОТВЕТСТВЕННОСТИ | |
| Основное заглавие | Безопасность |
| Сведения, относящиеся к заглавию | Информ. сб. Фонда нац. и междунар. безопасности |
| Первые сведения об ответственности | Фонд нац. и междунар. безопасности |
| 210 ## - ПУБЛИКАЦИЯ, РАСПРОСТРАНЕНИЕ И ДР. | |
| Место издания, распространения и т.д. | М. |
| Дата издания, распространения и т.д. | 1994 - |
| 320 ## - ПРИМЕЧАНИЯ О НАЛИЧИИ В ДОКУМЕНТЕ БИБЛИОГРАФИИ / УКАЗАТЕЛЯ | |
| Текст примечания | Содержание информационных сборников "Безопасность" № 1-63 (июль 1992 г. - июнь 2003 г.) // ЭНДИСИ. - 2017, № 1. - С. 192-209 |
| 712 02 - НАИМЕНОВАНИЕ ОРГАНИЗАЦИИ - ВТОРИЧНАЯ ОТВЕТСТВЕННОСТЬ | |
| Код отношения | Прочие |
| Начальный элемент ввода | Фонд национальной и международной безопасности |
| Идентифицирующий признак | Москва |
| Идентификатор авторитетной/нормативной записи | RU\NLR\AUTH\8810110771 |
| Системный номер авторитетной/нормативной записи | 721383 |
| 801 #1 - ИСТОЧНИК ЗАПИСИ | |
| Страна | Российская Федерация |
| Организация | InfoComm |
| Дата составления | 20031209 |
| 801 #0 - ИСТОЧНИК ЗАПИСИ | |
| Страна | Российская Федерация |
| Организация | NLR |
| Правила каталогизации | PSBO |
| 852 ## - МЕСТОНАХОЖДЕНИЕ И ШИФР ХРАНЕНИЯ | |
| Идентификатор организации | NLR |
| Шифр хранения (Call Number) | П23/3649 |
| 942 ## - ДОПОЛНИТЕЛЬНЫЕ ЭЛЕМЕНТЫ ЗАПИСИ (АБИС) | |
| Тип экземпляра АБИС | Журнал |
| 980 ## - КОЛЛЕКЦИЯ | |
| Название коллекции | Русская периодика |
Нет доступных экземпляров.